[Event "BL 1617 (Women)"]
[Site "Germany"]
[Date "2017.04.30"]
[Round "10.2"]
[White "Dengler, Dijana"]
[Black "Schleining, Zoya"]
[Result "0-1"]
[WhiteElo "2046"]
[BlackElo "2351"]
[PlyCount "118"]
[EventDate "2016.10.22"]
[EventType "team-tourn"]
[EventRounds "11"]
[EventCountry "GER"]
[SourceTitle "EXT 2018"]
[Source "ChessBase"]
[SourceDate "2017.10.13"]
[SourceVersion "1"]
[SourceVersionDate "2017.10.13"]
[SourceQuality "1"]
[WhiteTeam "Bayern Muenchen (W)"]
[BlackTeam "Deizisau (W)"]
[WhiteTeamCountry "GER"]
[BlackTeamCountry "GER"]

1. d4 d5 2. Nf3 Nf6 3. e3 c5 4. b3 Nc6 5. Bb2 cxd4 6. exd4 g6 7. Bd3 Bg7 8. 0-0 0-0 9. a3 Bg4 10. Nbd2 e6 11. h3 Bxf3 12. Nxf3 Qb6 13. Re1 Rac8 14. Qd2 Rfd8 15. Rad1 a6 16. Qe3 Ne8 17. Ne5 Nd6 18. Qf4 Qc7 19. Nxc6 Qxc6 20. Re3 Qb6 21. h4 h5 22. Rf3 Rd7 23. Rd2 Nc4 24. Bxc4 dxc4 25. b4 Qd6 26. Qxd6 Rxd6 27. Bc3 Rcd8 28. g3 e5 29. d5 e4 30. Re3 Bh6 31. Rxe4 Bxd2 32. Bxd2 Rxd5 33. Bg5 Rc8 34. Re7 b5 35. Kg2 Rd6 36. Ra7 Re8 37. Bf4 Rde6 38. Be3 R8e7 39. Ra8+ Kg7 40. Bd4+ f6 41. Bc5 Rd7 42. Bf8+ Kf7 43. Bh6 Rd1 44. Ra7+ Ke8 45. Ra8+ Kd7 46. Bf4 Ra1 47. Ra7+ Kc8 48. Rc7+ Kd8 49. Rg7 f5 50. Rg8+ Kd7 51. Rg7+ Ke8 52. Bg5 Rxa3 53. Rg8+ Kf7 54. Ra8 Rc6 55. Ra7+ Ke6 56. Re7+ Kd5 57. Bf4 c3 58. Rd7+ Kc4 59. Bg5 Ra2 0-1

[Event "Olympiad Women-42"]
[Site "Baku"]
[Date "2016.09.10"]
[Round "8.2"]
[White "Dengler, Dijana"]
[Black "Maslikova, Veronika"]
[Result "0-1"]
[WhiteElo "2047"]
[BlackElo "2247"]
[PlyCount "77"]
[EventDate "2016.09.02"]
[EventType "team-swiss"]
[EventRounds "11"]
[EventCountry "AZE"]
[SourceTitle "CBM 174 Extra"]
[Source "ChessBase"]
[SourceDate "2016.10.10"]
[SourceVersion "1"]
[SourceVersionDate "2016.10.10"]
[SourceQuality "1"]
[WhiteTeam "Bosnia&Herzegovina (W)"]
[BlackTeam "Slovakia (W)"]
[WhiteTeamCountry "BIH"]
[BlackTeamCountry "SVK"]

1. d4 Nf6 2. Nf3 e6 3. e3 b6 4. Bd3 Bb7 5. 0-0 d5 6. b3 Bd6 7. Bb2 0-0 8. Ne5 c5 9. Nd2 Qc7 10. f4 Ne4 11. c4 f6 12. Nef3 Nd7 13. Rc1 Qd8 14. f5 e5 15. cxd5 Nxd2 16. Qxd2 exd4 17. exd4 Bxd5 18. Kh1 Kh8 19. Bc4 Bxc4 20. Rxc4 Qb8 21. dxc5 Nxc5 22. b4 Na4 23. Ba1 b5 24. Rd4 Nb6 25. Qd1 Nc4 26. Re1 Bxb4 27. Re6 Rd8 28. Qb3 Bc5 29. Rg4 Ne3 30. Rxg7 Rd1+ 31. Qxd1 Nxd1 32. Rf7 Nf2+ 33. Kg1 Ng4+ 34. Kf1 Qf4 35. Bxf6+ Nxf6 36. Rfxf6 Qc1+ 37. Re1 Qc4+ 38. Re2 Rd8 39. Ne1 0-1

[Event "BCF-chT3 1415 (4NCL)"]
[Site "England"]
[Date "2015.05.04"]
[Round "11.88"]
[White "Moore, Gerald C"]
[Black "Dengler, Dijana"]
[Result "1/2-1/2"]
[WhiteElo "2121"]
[BlackElo "2070"]
[PlyCount "39"]
[EventDate "2015.03.21"]
[EventType "team-swiss"]
[EventRounds "11"]
[EventCountry "ENG"]
[SourceTitle "EXT 2016"]
[Source "ChessBase"]
[SourceDate "2015.10.08"]
[SourceVersion "1"]
[SourceVersionDate "2015.10.08"]
[SourceQuality "1"]
[WhiteTeam "Broadland Bitterns"]
[BlackTeam "Midland Monarchs"]
[WhiteTeamCountry "ENG"]
[BlackTeamCountry "ENG"]

1. Nf3 d5 2. g3 Nf6 3. Bg2 g6 4. 0-0 Bg7 5. c4 c6 6. b3 Ne4 7. d4 0-0 8. Bb2 Nd7 9. Nc3 Nxc3 10. Bxc3 Nf6 11. Rc1 Ne4 12. cxd5 cxd5 13. Bb4 Be6 14. a4 Re8 15. e3 Rc8 16. Qd3 Bf6 17. Nd2 Nxd2 18. Bxd2 Qd7 19. Rxc8 Rxc8 20. Rc1 1/2-1/2

[Event "BCF-chT3 1415 (4NCL)"]
[Site "England"]
[Date "2015.05.03"]
[Round "10.119"]
[White "Dengler, Dijana"]
[Black "Kane, Robert"]
[Result "1-0"]
[WhiteElo "2070"]
[BlackElo "1888"]
[PlyCount "93"]
[EventDate "2015.03.21"]
[EventType "team-swiss"]
[EventRounds "11"]
[EventCountry "ENG"]
[SourceTitle "EXT 2016"]
[Source "ChessBase"]
[SourceDate "2015.10.08"]
[SourceVersion "1"]
[SourceVersionDate "2015.10.08"]
[SourceQuality "1"]
[WhiteTeam "Midland Monarchs"]
[BlackTeam "BCM Rhinos II"]
[WhiteTeamCountry "ENG"]
[BlackTeamCountry "ENG"]

1. d4 d5 2. Nf3 Nf6 3. e3 c5 4. b3 Nc6 5. Bb2 Bg4 6. Be2 Bxf3 7. Bxf3 cxd4 8. exd4 Qb6 9. 0-0 e6 10. Re1 Be7 11. c4 0-0-0 12. c5 Qc7 13. a3 h5 14. b4 Ng4 15. Bxg4 hxg4 16. g3 Rh3 17. Kg2 Rdh8 18. Rh1 f5 19. Qe1 e5 20. Nd2 exd4 21. b5 Ne5 22. Bxd4 Nf3 23. Nxf3 gxf3+ 24. Kxf3 R8h4 25. Qe6+ Qd7 26. Qxd7+ Kxd7 27. Bxg7 Bxc5 28. Kg2 Rh7 29. Bb2 f4 30. Be5 f3+ 31. Kxf3 Rxh2 32. Rxh2 Rxh2 33. Ra2 Rh1 34. a4 Re1 35. Bf4 a6 36. Rd2 d4 37. bxa6 bxa6 38. Be3 a5 39. Bxd4 Bb4 40. Bc3+ Kc6 41. Rc2 Bxc3 42. Rxc3+ Kd5 43. Rb3 Ra1 44. Rb5+ Kc6 45. Rxa5 Kb6 46. Rb5+ Kc6 47. Rb4 1-0

[Event "Olympiad Women-41"]
[Site "Tromsoe"]
[Date "2014.08.12"]
[Round "10.3"]
[White "Roy, Ali"]
[Black "Dengler, Dijana"]
[Result "0-1"]
[WhiteElo "1913"]
[BlackElo "2070"]
[PlyCount "80"]
[EventDate "2014.08.02"]
[EventType "team-swiss"]
[EventRounds "11"]
[EventCountry "NOR"]
[SourceTitle "CBM 162"]
[Source "ChessBase"]
[SourceDate "2014.09.17"]
[SourceVersion "1"]
[SourceVersionDate "2014.09.17"]
[SourceQuality "1"]
[WhiteTeam "Scotland (W)"]
[BlackTeam "Bosnia&Hercegovina (W)"]
[WhiteTeamCountry "SCO"]
[BlackTeamCountry "BIH"]

1. e4 e6 2. d4 d5 3. Nd2 Nf6 4. e5 Nfd7 5. Bd3 c5 6. c3 Nc6 7. Ne2 Qb6 8. Nf3 cxd4 9. cxd4 f6 10. exf6 Nxf6 11. 0-0 Bd6 12. b3 Qc7 13. Bb2 0-0 14. Nc3 a6 15. h3 Bd7 16. Re1 Rae8 17. Rc1 Qb8 18. Na4 Bf4 19. Ra1 Nb4 20. Ba3 Nxd3 21. Qxd3 Bb5 22. Qd1 Rf7 23. Nc3 Ne4 24. Nxb5 axb5 25. Qe2 Rc8 26. Bc1 Rc3 27. Be3 Bxe3 28. fxe3 Qc7 29. Qxb5 Rxf3 30. Qe8+ Rf8 31. Qxe6+ Qf7 32. Qxf7+ Rxf7 33. Rac1 Rfc7 34. Rxc3 Rxc3 35. Kf1 Rc2 36. a4 Rc3 37. b4 Rc4 38. b5 Rxa4 39. Rc1 Rc4 40. Ra1 Rb4 0-1

[Event "GER-chT Federal Cup (Women)"]
[Site "Braunfels"]
[Date "2014.06.19"]
[Round "1.2"]
[White "Skibbe, Diana"]
[Black "Dengler, Dijana"]
[Result "1/2-1/2"]
[WhiteElo "1964"]
[BlackElo "2060"]
[PlyCount "165"]
[EventDate "2014.06.19"]
[EventType "team-swiss"]
[EventRounds "5"]
[EventCountry "GER"]
[SourceTitle "EXT 2015"]
[Source "ChessBase"]
[SourceDate "2014.11.20"]
[SourceVersion "1"]
[SourceVersionDate "2014.11.20"]
[SourceQuality "1"]
[WhiteTeam "Thueringen (W)"]
[BlackTeam "Bayern (W)"]
[WhiteTeamCountry "GER"]
[BlackTeamCountry "GER"]

1. e4 e6 2. d4 d5 3. Nc3 Bb4 4. e5 Ne7 5. a3 Bxc3+ 6. bxc3 c5 7. Bg5 Qa5 8. Qd2 Nbc6 9. Nf3 h6 10. Bxe7 Nxe7 11. dxc5 Qxc5 12. Bd3 Bd7 13. 0-0 Rc8 14. Rfb1 b6 15. Rb3 0-0 16. a4 Qc7 17. Ba6 Rcd8 18. Qe2 Nc6 19. c4 Na5 20. Rc3 Bc8 21. Bxc8 Rxc8 22. Nd4 Nxc4 23. Re1 Qd7 24. Rg3 Rce8 25. Qg4 f6 26. f4 Nd2 27. f5 Ne4 28. fxe6 Qc7 29. Nf5 Nxg3 30. hxg3 Kh8 31. Nd6 fxe5 32. Nxe8 Rxe8 33. Qf5 Qc5+ 34. Kh2 e4 35. Rd1 Qe7 36. Rxd5 Qxe6 37. Qxe6 Rxe6 38. Kg1 e3 39. Kf1 Rc6 40. a5 Rxc2 41. axb6 axb6 42. Rb5 Rc6 43. Ke2 Re6 44. g4 g5 45. Rd5 Kg7 46. Rd7+ Kf8 47. Rc7 Ke8 48. Rb7 Kd8 49. Rf7 Kc8 50. g3 b5 51. Rf5 b4 52. Rc5+ Kd7 53. Rc4 Rb6 54. Kxe3 b3 55. Rc1 b2 56. Rb1 Rb3+ 57. Kf2 Kc6 58. Kg2 Kd5 59. Kh3 h5 60. gxh5 Ke5 61. h6 Kf6 62. h7 Kg7 63. Kg4 Rb5 64. Kf3 Kxh7 65. Ke4 Kg6 66. g4 Kf6 67. Kd4 Ke6 68. Kc4 Rb8 69. Kd4 Rb7 70. Re1+ Kd6 71. Rb1 Rb8 72. Ke4 Ke6 73. Kd4 Rb4+ 74. Kc3 Rxg4 75. Rxb2 Ke5 76. Rf2 Ke4 77. Kd2 Rg1 78. Ke2 g4 79. Rf8 g3 80. Ra8 Kf4 81. Ra4+ Kg5 82. Kf3 Kh5 83. Rb4 1/2-1/2

[Event "Olympiad Women-40"]
[Site "Istanbul"]
[Date "2012.09.05"]
[Round "8.3"]
[White "Tan, Li Ting"]
[Black "Dengler, Dijana"]
[Result "1/2-1/2"]
[WhiteElo "1834"]
[BlackElo "2066"]
[PlyCount "134"]
[EventDate "2012.08.28"]
[EventType "team-swiss"]
[EventRounds "11"]
[EventCountry "TUR"]
[SourceTitle "CBM 150 Extra"]
[Source "ChessBase"]
[SourceDate "2012.10.19"]
[SourceVersion "1"]
[SourceVersionDate "2012.10.19"]
[SourceQuality "1"]
[WhiteTeam "Malaysia (W)"]
[BlackTeam "Bosnia&Hercegovina (W)"]
[WhiteTeamCountry "MAS"]
[BlackTeamCountry "BIH"]

1. d4 d5 2. c4 c6 3. Nc3 Nf6 4. Nf3 a6 5. a4 e6 6. Bg5 h6 7. Bh4 Nbd7 8. e3 Bb4 9. Nd2 Qa5 10. Rc1 Ne4 11. Ndxe4 dxe4 12. Be2 0-0 13. 0-0 f5 14. f4 exf3 15. Bxf3 e5 16. Bg3 f4 17. Bf2 fxe3 18. Bxe3 exd4 19. Bxd4 Bc5 20. Ne4 Bxd4+ 21. Qxd4 Ne5 22. Be2 Bg4 23. Bxg4 Nxg4 24. c5 Qd8 25. Rxf8+ Qxf8 26. Nd6 Qe7 27. h3 Nf6 28. Nf5 Qe6 29. Rf1 Rf8 30. Qe3 Qxe3+ 31. Nxe3 Ne4 32. Rxf8+ Kxf8 33. b4 a5 34. bxa5 Nxc5 35. Nf5 Nxa4 36. Nd6 Nc5 37. Nxb7 Na6 38. Nd6 Ke7 39. Nc4 Ke6 40. Kf2 Kd5 41. Ne3+ Ke4 42. Ke2 g6 43. Nc4 Kd4 44. Nd6 c5 45. Nf7 h5 46. Nh8 g5 47. Nf7 g4 48. hxg4 hxg4 49. Nh6 Kc4 50. Nxg4 Kb5 51. Ne5 Kxa5 52. Kd3 Kb5 53. Ke4 Nc7 54. g4 Ne8 55. g5 Ng7 56. Kd5 Kb6 57. Nd7+ Kc7 58. Nxc5 Ne8 59. Ke6 Ng7+ 60. Kf7 Nh5 61. g6 Ng3 62. Ne6+ Kd7 63. Nd4 Nh5 64. Nf5 Kc6 65. Ke7 Kd5 66. Ke8 Ke5 67. Ng3 Kd5 1/2-1/2

[Event "BL2 Sued 1112 (Women)"]
[Site "Germany"]
[Date "2011.12.18"]
[Round "5.1"]
[White "Jussupow, Nadejda"]
[Black "Dengler, Dijana"]
[Result "1/2-1/2"]
[WhiteElo "2126"]
[BlackElo "2071"]
[PlyCount "37"]
[EventDate "2011.10.29"]
[EventType "team-tourn"]
[EventRounds "7"]
[EventCountry "GER"]
[SourceTitle "EXT 2013"]
[Source "ChessBase"]
[SourceDate "2012.11.22"]
[SourceVersion "1"]
[SourceVersionDate "2012.11.22"]
[SourceQuality "1"]
[WhiteTeam "Neuperlach (W)"]
[BlackTeam "Bayern Muenchen (W)"]
[WhiteTeamCountry "GER"]
[BlackTeamCountry "GER"]

1. d4 d5 2. Nf3 Nf6 3. e3 c6 4. Bd3 Bg4 5. Nbd2 Nbd7 6. h3 Bh5 7. b3 e6 8. Bb2 Be7 9. Qe2 Bg6 10. Ne5 Nxe5 11. dxe5 Nd7 12. 0-0 Qc7 13. e4 Nxe5 14. exd5 Nxd3 15. cxd3 0-0 16. dxe6 fxe6 17. Qxe6+ Kh8 18. Ne4 Rae8 19. Qe5 1/2-1/2

[Event "Cappelle op 27th"]
[Site "Cappelle la Grande"]
[Date "2011.02.28"]
[Round "4"]
[White "Midoux, Sebastien"]
[Black "Dengler, Dijana"]
[Result "1/2-1/2"]
[WhiteElo "2318"]
[BlackElo "2063"]
[PlyCount "202"]
[EventDate "2011.02.26"]
[EventType "swiss"]
[EventRounds "9"]
[EventCountry "FRA"]
[SourceTitle "CBM 141 Extra"]
[Source "ChessBase"]
[SourceDate "2011.05.03"]
[SourceVersion "1"]
[SourceVersionDate "2011.05.03"]
[SourceQuality "1"]

1. e4 e6 2. d4 d5 3. Nd2 Nf6 4. e5 Nfd7 5. f4 c5 6. Ngf3 Nc6 7. Nb3 c4 8. Nbd2 b5 9. Be2 Qb6 10. Nf1 b4 11. Ne3 Be7 12. 0-0 g6 13. c3 a5 14. g4 Na7 15. Bd2 Bb7 16. Be1 Nb5 17. Nc2 Nc7 18. Qd2 Na6 19. Bh4 Bxh4 20. Nxh4 0-0-0 21. Nf3 f6 22. b3 g5 23. cxb4 axb4 24. exf6 c3 25. Qe3 gxf4 26. Qxf4 Rdf8 27. g5 h6 28. h4 Rhg8 29. f7 Rg7 30. Ne5 hxg5 31. hxg5 Qd8 32. Ng4 Rxg5 33. Qd6 e5 34. Nxb4 Nc7 35. Nc6 Bxc6 36. Qxc6 Kb8 37. Qxc3 exd4 38. Qxd4 Qe7 39. Rae1 Qd6 40. Rf4 Ne6 41. Qb4+ Qxb4 42. Rxb4+ Kc7 43. Bd1 Ndc5 44. Rf1 Rg7 45. Be2 Rfxf7 46. Rxf7+ Rxf7 47. Rb5 Ne4 48. Ne3 d4 49. Nd5+ Kd6 50. Rb6+ Ke5 51. Bc4 N6g5 52. Nb4 Nf3+ 53. Kg2 Ne1+ 54. Kg1 Nf3+ 55. Kf1 Nfd2+ 56. Ke1 Nxc4 57. bxc4 Nc3 58. Rh6 Rb7 59. a3 Nb1 60. Rh8 Ke4 61. Rh4+ Ke5 62. Nd3+ Kf6 63. a4 Re7+ 64. Kf2 Nc3 65. Rf4+ Kg5 66. Rxd4 Nxa4 67. c5 Nc3 68. c6 Rc7 69. Rc4 Ne4+ 70. Rxe4 Rxc6 71. Kf3 Rc3 72. Rd4 Ra3 73. Ke4 Ra5 74. Ne5 Rb5 75. Nf3+ Kf6 76. Rd6+ Ke7 77. Ra6 Rh5 78. Nd4 Rc5 79. Nc6+ Kd7 80. Ne5+ Ke7 81. Kf5 Rc1 82. Ra7+ Kf8 83. Ke6 Re1 84. Ra2 Kg7 85. Rg2+ Kf8 86. Rg4 Re2 87. Rg1 Re3 88. Rf1+ Kg7 89. Rf7+ Kg8 90. Rf4 Re1 91. Kf6 Ra1 92. Rg4+ Kf8 93. Nd7+ Ke8 94. Nc5 Rf1+ 95. Ke6 Re1+ 96. Ne4 Kd8 97. Kd6 Rd1+ 98. Kc6 Ke7 99. Rf4 Ke6 100. Nc5+ Ke5 101. Rc4 Rd2 1/2-1/2

[Event "BL2 Sued 1011 (Women)"]
[Site "Germany"]
[Date "2011.02.20"]
[Round "7.2"]
[White "Rotermund, Verena"]
[Black "Dengler, Dijana"]
[Result "0-1"]
[WhiteElo "1759"]
[BlackElo "2088"]
[PlyCount "62"]
[EventDate "2010.11.06"]
[EventType "team-tourn"]
[EventRounds "7"]
[EventCountry "GER"]
[SourceTitle "EXT 2012"]
[Source "ChessBase"]
[SourceDate "2011.11.24"]
[SourceVersion "1"]
[SourceVersionDate "2011.11.24"]
[SourceQuality "1"]
[WhiteTeam "Mainz Orient (W)"]
[BlackTeam "Bayern Muenchen (W)"]
[WhiteTeamCountry "GER"]
[BlackTeamCountry "GER"]

1. e4 e6 2. d4 d5 3. Nd2 Nf6 4. e5 Nfd7 5. f4 c5 6. c3 Nc6 7. Ngf3 Qb6 8. g3 cxd4 9. cxd4 Bb4 10. Kf2 0-0 11. Bh3 f6 12. Kg2 fxe5 13. Bxe6+ Kh8 14. Bxd7 Bxd7 15. dxe5 Rad8 16. Ng5 Nxe5 17. Ndf3 Ng4 18. Rf1 h6 19. h3 Nf6 20. a3 Bd6 21. h4 Bf5 22. Nd4 Bg4 23. Ngf3 Bc5 24. Be3 Qxb2+ 25. Rf2 Qb6 26. Rb1 Qa6 27. Qc2 Ne4 28. Ne5 Bxd4 29. Ng6+ Qxg6 30. Bxd4 Bh3+ 31. Kh2 Qxg3+ 0-1

[Event "Olympiad Women-39"]
[Site "Khanty-Mansiysk"]
[Date "2010.10.03"]
[Round "11.24"]
[White "Dengler, Dijana"]
[Black "Exler, Veronika"]
[Result "1-0"]
[WhiteElo "2088"]
[BlackElo "2130"]
[PlyCount "135"]
[EventDate "2010.09.21"]
[EventType "team-swiss"]
[EventRounds "11"]
[EventCountry "RUS"]
[SourceTitle "CBM 139"]
[Source "ChessBase"]
[SourceDate "2010.11.18"]
[SourceVersion "1"]
[SourceVersionDate "2010.11.18"]
[SourceQuality "1"]
[WhiteTeam "Bosnia&Hercegovina (W)"]
[BlackTeam "Austria (W)"]
[WhiteTeamCountry "BIH"]
[BlackTeamCountry "AUT"]

1. d4 d5 2. Nf3 Nf6 3. Bg5 Ne4 4. Bf4 c5 5. e3 Nc6 6. c3 f6 7. Nbd2 Nxd2 8. Qxd2 Bg4 9. Be2 e6 10. Bg3 Be7 11. h3 Bh5 12. dxc5 Bxc5 13. Nd4 Bf7 14. 0-0 0-0 15. b4 Bd6 16. Bxd6 Qxd6 17. Rfd1 Rac8 18. Nb3 Qe7 19. Nc5 Ne5 20. Rac1 b6 21. Nb3 Nc4 22. Qd4 Nd6 23. Qd2 Rc7 24. Nd4 Nc4 25. Qc2 Bg6 26. Qb3 Rfc8 27. a4 Qf7 28. Bg4 Re8 29. Nb5 Rc6 30. Nd4 Rcc8 31. Be2 Bh5 32. Qa2 Bxe2 33. Qxe2 Nd6 34. b5 Rc4 35. Qa2 Ne4 36. Qb2 Rxa4 37. Ra1 Rc4 38. Nc6 a5 39. Rd4 Rc5 40. c4 e5 41. Rxd5 Rxd5 42. cxd5 Qxd5 43. Qc2 Nd6 44. Rd1 Qc4 45. Qd2 Nxb5 46. Qd7 Qf7 47. Qd3 Nc7 48. Qb1 Na8 49. Nd8 Qe7 50. Qb3+ Kf8 51. Nc6 Qc5 52. Nd8 Qe7 53. Nc6 Qe6 54. Qa3+ Kg8 55. Nd8 Qe7 56. Qb3+ Kf8 57. Nc6 Qc7 58. Qa3+ Kg8 59. Qb3+ Kh8 60. Qd5 h6 61. Nd8 Qa7 62. Qc6 Re7 63. Ne6 Kh7 64. Nf8+ Kg8 65. Rd8 Nc7 66. Ng6+ Kf7 67. Nxe7 Kxe7 68. Rd7+ 1-0

[Event "Olympiad Women-39"]
[Site "Khanty-Mansiysk"]
[Date "2010.09.27"]
[Round "6.27"]
[White "Dengler, Dijana"]
[Black "Bjerke, Silje"]
[Result "0-1"]
[WhiteElo "2088"]
[BlackElo "2205"]
[PlyCount "78"]
[EventDate "2010.09.21"]
[EventType "team-swiss"]
[EventRounds "11"]
[EventCountry "RUS"]
[SourceTitle "CBM 139"]
[Source "ChessBase"]
[SourceDate "2010.11.18"]
[SourceVersion "1"]
[SourceVersionDate "2010.11.18"]
[SourceQuality "1"]
[WhiteTeam "Bosnia&Hercegovina (W)"]
[BlackTeam "Norway (W)"]
[WhiteTeamCountry "BIH"]
[BlackTeamCountry "NOR"]

1. d4 Nf6 2. Nf3 g6 3. Bg5 Bg7 4. e3 d5 5. Bd3 0-0 6. Nbd2 c5 7. c3 Nfd7 8. 0-0 Nc6 9. Re1 Qb6 10. Qc1 e5 11. dxe5 Ndxe5 12. Nxe5 Nxe5 13. Bc2 Be6 14. a4 Rac8 15. a5 Qb5 16. Qb1 Nc6 17. Ba4 Qa6 18. Ra3 b5 19. axb6 Qxb6 20. Qa1 d4 21. cxd4 cxd4 22. Bxc6 Rxc6 23. exd4 Bxd4 24. Be3 Bxe3 25. Raxe3 Rc2 26. Ne4 Bd5 27. Nc3 Bb7 28. R1e2 Rxe2 29. Rxe2 Rd8 30. Qe1 Qc6 31. f3 Qb6+ 32. Kh1 Bc6 33. h3 Qb3 34. Qh4 Qb8 35. Qe1 a5 36. Re5 Qxb2 37. Rxa5 Re8 38. Qa1 Qf2 39. Ra2 Re1+ 0-1

[Event "Olympiad Women-39"]
[Site "Khanty-Mansiysk"]
[Date "2010.09.22"]
[Round "2.1"]
[White "Kosteniuk, Alexandra"]
[Black "Dengler, Dijana"]
[Result "1-0"]
[WhiteElo "2524"]
[BlackElo "2088"]
[PlyCount "107"]
[EventDate "2010.09.21"]
[EventType "team-swiss"]
[EventRounds "11"]
[EventCountry "RUS"]
[SourceTitle "CBM 139"]
[Source "ChessBase"]
[SourceDate "2010.11.18"]
[SourceVersion "1"]
[SourceVersionDate "2010.11.18"]
[SourceQuality "1"]
[WhiteTeam "Russia (W)"]
[BlackTeam "Bosnia&Hercegovina (W)"]
[WhiteTeamCountry "RUS"]
[BlackTeamCountry "BIH"]

1. e4 e6 2. d4 d5 3. Nc3 Nf6 4. Bg5 Bb4 5. e5 h6 6. Bc1 Ne4 7. Qg4 g6 8. Nge2 Nxc3 9. Nxc3 c5 10. a3 cxd4 11. axb4 dxc3 12. bxc3 Qc7 13. Qg3 Nc6 14. f4 d4 15. b5 Ne7 16. c4 Nf5 17. Qf3 h5 18. Bd3 a6 19. 0-0 0-0 20. Bd2 Bd7 21. Ba5 Qc8 22. Rfb1 axb5 23. cxb5 Ne3 24. Qe4 Qc5 25. Ra4 Nd5 26. Rc4 Qa7 27. Bd2 Qa2 28. Qe1 Qa7 29. Qf2 Qa2 30. Rb3 Qa1+ 31. Qf1 Ne3 32. Bxe3 dxe3 33. Rb1 Qa5 34. Rd4 Rfd8 35. Qe2 Qa2 36. Rdb4 Ra5 37. Qxe3 Be8 38. Qb6 Rd7 39. Qc5 Ra8 40. h3 Qa5 41. Qe3 Rad8 42. Kh2 Rd5 43. Be2 Qc7 44. Bf3 Rd2 45. Be4 R2d7 46. Ra1 h4 47. b6 Qb8 48. Ra7 g5 49. Bf3 Qc8 50. fxg5 Qxc2 51. Rxh4 Rd3 52. Qe4 Bc6 53. Qh7+ Kf8 54. Qh8+ 1-0

[Event "BL2 Sued 0910 (Women)"]
[Site "Germany"]
[Date "2010.01.17"]
[Round "5.2"]
[White "Birkholz, Olga"]
[Black "Dengler, Dijana"]
[Result "1-0"]
[WhiteElo "2136"]
[BlackElo "2091"]
[PlyCount "87"]
[EventDate "2009.11.07"]
[EventType "team-tourn"]
[EventRounds "7"]
[EventCountry "GER"]
[SourceTitle "CBM 133 Extra"]
[Source "ChessBase"]
[SourceDate "2010.01.05"]
[SourceVersion "1"]
[SourceVersionDate "2010.01.05"]
[SourceQuality "1"]
[WhiteTeam "Augsburg (W)"]
[BlackTeam "Bayern Muenchen (W)"]
[WhiteTeamCountry "GER"]
[BlackTeamCountry "GER"]

1. Nf3 Nf6 2. c4 c6 3. Nc3 d5 4. e3 a6 5. a4 e6 6. b3 Bd6 7. Be2 0-0 8. d4 Nbd7 9. Qc2 Re8 10. 0-0 b6 11. e4 dxe4 12. Nxe4 Nxe4 13. Qxe4 Nf6 14. Qxc6 Rb8 15. c5 bxc5 16. dxc5 Bc7 17. a5 Rxb3 18. Qa4 Rb8 19. Bg5 Qe7 20. Nd4 Bd7 21. Qc2 e5 22. c6 Bc8 23. Nb3 Qe6 24. Bc4 Qg4 25. Bxf6 gxf6 26. Nc5 Ra8 27. Ne4 Qg6 28. Ra3 Kf8 29. Rg3 Qh6 30. Qa2 Be6 31. Qa3+ Re7 32. Bxe6 fxe6 33. Rg8+ Kxg8 34. Qxe7 Bxa5 35. c7 Kh8 36. Qc5 Bxc7 37. Qxc7 Qg6 38. Nc5 Rg8 39. g3 h5 40. Re1 h4 41. Nxe6 Qf5 42. Qc6 a5 43. Re4 Qh5 44. Qa4 1-0

[Event "Olympiad Women-38"]
[Site "Dresden"]
[Date "2008.11.23"]
[Round "10"]
[White "Dengler, Dijana"]
[Black "Botsari, Anna Maria"]
[Result "1/2-1/2"]
[WhiteElo "2099"]
[BlackElo "2308"]
[PlyCount "94"]
[EventDate "2008.11.13"]
[EventType "team-swiss"]
[EventRounds "11"]
[EventCountry "GER"]
[SourceTitle "CBM 128"]
[Source "ChessBase"]
[SourceDate "2009.01.28"]
[SourceVersion "1"]
[SourceVersionDate "2009.01.28"]
[SourceQuality "1"]
[WhiteTeam "Bosnia&Hercegovina (W)"]
[BlackTeam "Greece (W)"]
[WhiteTeamCountry "BIH"]
[BlackTeamCountry "GRE"]

1. e4 e5 2. Nf3 Nc6 3. Bc4 Bc5 4. c3 Nf6 5. d3 a6 6. Bb3 Ba7 7. 0-0 d6 8. Nbd2 0-0 9. h3 Ne7 10. Re1 Ng6 11. Nf1 h6 12. d4 Qe7 13. Ng3 Nh7 14. Nf5 Qf6 15. Bc2 Re8 16. a4 Bxf5 17. exf5 Nh4 18. dxe5 dxe5 19. Nxh4 Qxh4 20. Be3 Bxe3 21. Rxe3 Nf6 22. Qe2 e4 23. Re1 Re5 24. Bxe4 Rae8 25. Bc2 Rxe3 26. fxe3 Ne4 27. Rd1 Qg5 28. Qf3 Nd6 29. Re1 Re5 30. b3 c6 31. f6 g6 32. Re2 Re6 33. e4 Rxf6 34. Qd3 Re6 35. b4 Qc1+ 36. Kh2 Qf4+ 37. Kg1 Qe5 38. Bb3 Re7 39. Bc2 Kg7 40. Qd4 b5 41. axb5 Nxb5 42. Qxe5+ Rxe5 43. Re3 f5 44. Kf2 fxe4 45. Rxe4 Rxe4 46. Bxe4 Nxc3 47. Bxc6 Na2 1/2-1/2

[Event "Olympiad Women-38"]
[Site "Dresden"]
[Date "2008.11.21"]
[Round "8"]
[White "Dengler, Dijana"]
[Black "Greeff, Melissa"]
[Result "0-1"]
[WhiteElo "2099"]
[BlackElo "1963"]
[PlyCount "134"]
[EventDate "2008.11.13"]
[EventType "team-swiss"]
[EventRounds "11"]
[EventCountry "GER"]
[SourceTitle "CBM 128"]
[Source "ChessBase"]
[SourceDate "2009.01.28"]
[SourceVersion "1"]
[SourceVersionDate "2009.01.28"]
[SourceQuality "1"]
[WhiteTeam "Bosnia&Hercegovina (W)"]
[BlackTeam "South Africa (W)"]
[WhiteTeamCountry "BIH"]
[BlackTeamCountry "RSA"]

1. e4 c5 2. c3 Nf6 3. e5 Nd5 4. Nf3 Nc6 5. Bc4 Nb6 6. Bb3 e6 7. d4 cxd4 8. cxd4 d6 9. 0-0 a6 10. Nc3 d5 11. Bc2 Nc4 12. b3 Na3 13. Bd3 b5 14. Bg5 Qa5 15. Rc1 Bd7 16. Nxd5 exd5 17. e6 fxe6 18. Rxc6 Bxc6 19. Ne5 g6 20. Nxc6 Qc7 21. Ne5 Bg7 22. Qg4 Qd6 23. Bf4 Qe7 24. Bxg6+ hxg6 25. Nxg6 Qf7 26. Nxh8 Bxh8 27. Re1 Kd7 28. Be5 Nc2 29. Re2 Rg8 30. Qh3 Nxd4 31. Bxd4 Bxd4 32. Rd2 Qf4 33. Qd3 Be5 34. g3 Qf6 35. a4 Rb8 36. Ra2 Bd4 37. axb5 Rxb5 38. h4 Ra5 39. Qh7+ Kd6 40. Rc2 Qg7 41. Qd3 Qe5 42. Re2 Qg7 43. Kg2 e5 44. Qd2 Rb5 45. Qa2 Qb7 46. Qa3+ Bc5 47. Qc1 d4+ 48. f3 Rxb3 49. Qh6+ Kd5 50. Qh8 Bd6 51. Rc2 Rc3 52. Qg8+ Kc5 53. Rf2 Qb3 54. Qc8+ Kb6 55. Qd8+ Bc7 56. Qf6+ Ka7 57. h5 Rc2 58. h6 Rxf2+ 59. Kxf2 Qc2+ 60. Kg1 d3 61. Qf5 Qc1+ 62. Kg2 d2 63. h7 d1Q 64. h8Q Qg1+ 65. Kh3 Qh1+ 66. Kg4 Qxh8 67. Qe4 Qg7+ 0-1